|
|
|
|
| LEADER |
00000nam0a2200000 4500 |
| 001 |
343029 |
| 005 |
20231102005520.0 |
| 010 |
|
|
|a 9785972902866
|
| 035 |
|
|
|a (RuTPU)RU\TPU\book\372771
|
| 090 |
|
|
|a 343029
|
| 100 |
|
|
|a 20190618d2019 k y0rusy50 ca
|
| 101 |
0 |
|
|a rus
|
| 102 |
|
|
|a RU
|
| 105 |
|
|
|a a z 001zy
|
| 200 |
1 |
|
|a Инновационные процессы в логистике
|e монография
|f Е. А. Лебедев, Л. Б. Миротин, А. К. Покровский
|g Кубанский государственный технологический университет (КубГТУ) ; Московский автомобильно-дорожный институт (Государственный технический университет) (МАДИ-ГТУ) ; под ред. Л. Б. Миротина
|
| 210 |
|
|
|a Москва
|c Инфра-Инженерия
|d 2019
|
| 215 |
|
|
|a 392 с.
|c ил.
|
| 320 |
|
|
|a Библиогр.: с. 386-388
|
| 330 |
|
|
|a Монография посвящена базису организации управления высокотехнологичным и наукоемким производством услуг на транспорте — процессно-ресурсной (инженерной) логистике. Особое внимание уделено вопросам синергии логистических процессов при движении потоков ресурсов-затрат, их оптимальному использованию на основе метрик, а также снижению рисков функционирования предприятий через формализацию процессов. Представлен ретроспективный анализ результатов цифровой трансформации систем транспорта и логистики государств с развитой экономикой. Приведены основные государственные решения в области стратегии научно-технологического развития России и цифровой экономики. Предложены пути научно-технологического развития отечественной транспортно-коммуникационной логистической инфраструктуры. Материалы монографии могут быть использованы преподавателями, аспирантами и студентами транспортных институтов, а также специалистами транспортных компаний всех форм собственности
|
| 606 |
1 |
|
|a Инженерная логистика
|2 stltpush
|3 (RuTPU)RU\TPU\subj\71563
|9 85420
|
| 610 |
1 |
|
|a экономика
|
| 610 |
1 |
|
|a управление
|
| 610 |
1 |
|
|a инновационные процессы
|
| 610 |
1 |
|
|a энергетические ресурсы
|
| 610 |
1 |
|
|a наукоемкие производства
|
| 610 |
1 |
|
|a высокотехнологичные предприятия
|
| 610 |
1 |
|
|a транспортная безопасность
|
| 610 |
1 |
|
|a информационные технологии
|
| 610 |
1 |
|
|a цифровые технологии
|
| 610 |
1 |
|
|a логистическая инфраструктура
|
| 610 |
1 |
|
|a лазерные технологии
|
| 610 |
1 |
|
|a транспорт
|
| 610 |
1 |
|
|a менеджмент
|
| 610 |
1 |
|
|a наукоемкие технологии
|
| 610 |
1 |
|
|a наночастицы
|
| 610 |
1 |
|
|a нанотехнологии
|
| 610 |
1 |
|
|a транспортные компании
|
| 610 |
1 |
|
|a монографии
|
| 686 |
|
|
|a У9(2)40
|v LBC/SL-A
|2 rubbk
|
| 700 |
|
1 |
|a Лебедев
|b Е. А.
|g Евгений Александрович
|
| 701 |
|
1 |
|a Миротин
|b Л. Б.
|g Леонид Борисович
|
| 701 |
|
1 |
|a Покровский
|b А. К.
|g Анатолий Константинович
|
| 702 |
|
1 |
|a Миротин
|b Л. Б.
|g Леонид Борисович
|4 340
|
| 712 |
0 |
2 |
|a Кубанский государственный технологический университет (КубГТУ)
|c (Краснодар)
|c (1993- )
|2 stltpush
|3 (RuTPU)RU\TPU\col\45
|
| 712 |
0 |
2 |
|a Московский автомобильно-дорожный институт (Государственный технический университет) (МАДИ-ГТУ)
|2 stltpush
|3 (RuTPU)RU\TPU\col\3181
|
| 801 |
|
1 |
|a RU
|b 63413507
|c 20190618
|
| 801 |
|
2 |
|a RU
|b 63413507
|c 20190823
|g RCR
|
| 942 |
|
|
|c BK
|